Shakespeare Speed Typing Test 1 - Statistics

General Stats
  • This quiz has been taken 126 times
  • The average score is 7 of 10
Answer Stats
Hint Answer % Correct
Alas, poor Yorick! I knew him, Horatio. A fellow of infinite jest, of most excellent fancy. Alas, poor Yorick! I knew him, Horatio. A fellow of infinite jest, of most excellent fancy.
100%
Come, gentle night, come, loving, black-brow'd night, Give me my Romeo; and, when he shall die, Take him and cut him out in little stars. Come, gentle night, come, loving, black-brow'd night, Give me my Romeo; and, when he shall die, Take him and cut him out in little stars.
92%
To be, or not to be, that is the question: Whether 'tis Nobler in the mind to suffer the slings and arrows of outrageous fortune. To be, or not to be, that is the question: Whether 'tis Nobler in the mind to suffer the slings and arrows of outrageous fortune.
88%
Now is the winter of our discontent made glorious summer by this sun of York; And all the clouds that lour'd upon our house In the deep bosom of the ocean buried. Now is the winter of our discontent Made glorious summer by this sun of York; And all the clouds that lour'd upon our house In the deep bosom of the ocean buried.
79%
Life's but a walking shadow, a poor player That struts and frets his hour upon the stage And then is heard no more: Life's but a walking shadow, a poor player That struts and frets his hour upon the stage And then is heard no more:
73%
We few, we happy few, we band of brothers; For he to-day that sheds his blood with me Shall be my brother; We few, we happy few, we band of brothers; For he to-day that sheds his blood with me Shall be my brother;
67%
Friends, Romans, countrymen, lend me your ears; I come to bury Caesar, not to praise him. The evil that men do lives after them; The good is oft interred with their bones; Friends, Romans, countrymen, lend me your ears; I come to bury Caesar, not to praise him. The evil that men do lives after them; The good is oft interred with their bones;
63%
Is this a dagger which I see before me, The handle toward my hand? Come, let me clutch thee. I have thee not, and yet I see thee still. Is this a dagger which I see before me, The handle toward my hand? Come, let me clutch thee. I have thee not, and yet I see thee still.
60%
My services are bound. Wherefore should I Stand in the plague of custom, and permit The curiosity of nations to deprive me: My services are bound. Wherefore should I Stand in the plague of custom, and permit The curiosity of nations to deprive me:
54%
What shall I do to win my lord again? Good friend, go to him; for, by this light of heaven, I know not how I lost him. Here I kneel: What shall I do to win my lord again? Good friend, go to him; for, by this light of heaven, I know not how I lost him. Here I kneel:
46%
No matching quizzes found
Score Distribution
Percent of People with Each Score
Percentile by Number Answered
Your Score History
You have not taken this quiz